<?xml version="1.0" encoding="UTF-8"?>
<record
    xmlns:xsi="http://www.w3.org/2001/XMLSchema-instance"
    xsi:schemaLocation="http://www.loc.gov/MARC21/slim http://www.loc.gov/standards/marcxml/schema/MARC21slim.xsd"
    xmlns="http://www.loc.gov/MARC21/slim">

  <leader>00900    a2200241   4500</leader>
  <controlfield tag="005">2008101007377.0</controlfield>
  <controlfield tag="008">081010t        xxu||||| |||| 00| 0 ur d</controlfield>
  <datafield tag="010" ind1=" " ind2=" ">
    <subfield code="a">UR-7284</subfield>
  </datafield>
  <datafield tag="020" ind1=" " ind2=" ">
    <subfield code="c">120.00</subfield>
  </datafield>
  <datafield tag="035" ind1=" " ind2=" ">
    <subfield code="a">U-5839</subfield>
  </datafield>
  <datafield tag="037" ind1=" " ind2=" ">
    <subfield code="b">D.B.Act/pub</subfield>
  </datafield>
  <datafield tag="082" ind1=" " ind2=" ">
    <subfield code="a">841</subfield>
  </datafield>
  <datafield tag="100" ind1=" " ind2=" ">
    <subfield code="a">&#x639;&#x62B;&#x645;&#x627; &#x646;&#x6CC; &#x60C;&#x645;&#x62D;&#x645;&#x62F; &#x645;&#x62D;&#x645;&#x628;&#x648;&#x628; &#x627;&#x641;&#x633;&#x631;</subfield>
  </datafield>
  <datafield tag="245" ind1=" " ind2=" ">
    <subfield code="a">&#x645;&#x634;&#x6A9; &#x633;&#x62E;&#x646;</subfield>
  </datafield>
  <datafield tag="246" ind1=" " ind2=" ">
    <subfield code="a">Mushk-E- Sukhan</subfield>
    <subfield code="b">Osmani Afsar</subfield>
  </datafield>
  <datafield tag="260" ind1=" " ind2=" ">
    <subfield code="a">&#x6A9;&#x631;&#x64A;&#x645; &#x646;&#x6AF;&#x631;</subfield>
    <subfield code="b">&#x627;&#x641;&#x633;&#x631; &#x639;&#x62B;&#x645;&#x627; &#x646;&#x6CC;</subfield>
    <subfield code="c">2006</subfield>
  </datafield>
  <datafield tag="270" ind1=" " ind2=" ">
    <subfield code="a">&#x645;&#x6A9;&#x627; &#x646; &#x646;&#x645;&#x628;&#x631; 2-7-836 &#x645;&#x6A9;&#x631;&#x645; &#x67E;&#x648;&#x631;&#x6C1;</subfield>
    <subfield code="b">&#x6A9;&#x631;&#x64A;&#x645; &#x646;&#x6AF;&#x631;</subfield>
    <subfield code="e">505001</subfield>
    <subfield code="k">9395102061</subfield>
  </datafield>
  <datafield tag="300" ind1=" " ind2=" ">
    <subfield code="a">176 &#x635;</subfield>
    <subfield code="c">22&#x633;&#x64A;&#x646;&#x679;&#x6CC;  &#x645;&#x64A;&#x679;&#x631;</subfield>
  </datafield>
  <datafield tag="650" ind1=" " ind2=" ">
    <subfield code="a">&#x634;&#x627; &#x639;&#x631;&#x6CC;</subfield>
  </datafield>
  <datafield tag="700" ind1=" " ind2=" ">
    <subfield code="a">&#x645;&#x62D;&#x645;&#x62F; &#x645;&#x62D;&#x628;&#x648;&#x628; &#x62E;&#x627;&#x646; &#x627;&#x641;&#x633;&#x631; &#x639;&#x62B;&#x645;&#x627;&#x646;&#x6CC;</subfield>
  </datafield>
  <datafield tag="942" ind1=" " ind2=" ">
    <subfield code="a">dpl</subfield>
    <subfield code="c">UR</subfield>
    <subfield code="k"> /</subfield>
    <subfield code="2">ddc</subfield>
    <subfield code="h">841</subfield>
    <subfield code="m">&#x639; &#x62B; &#x645;</subfield>
  </datafield>
  <datafield tag="999" ind1=" " ind2=" ">
    <subfield code="c">1554</subfield>
    <subfield code="d">1554</subfield>
  </datafield>
  <datafield tag="952" ind1=" " ind2=" ">
    <subfield code="0">0</subfield>
    <subfield code="1">0</subfield>
    <subfield code="2">ddc</subfield>
    <subfield code="4">0</subfield>
    <subfield code="7">1</subfield>
    <subfield code="8">NFIC</subfield>
    <subfield code="a">DBAD</subfield>
    <subfield code="b">DBAD</subfield>
    <subfield code="d">2008-10-10</subfield>
    <subfield code="g">120.00</subfield>
    <subfield code="l">0</subfield>
    <subfield code="o">841 &#x639; &#x62B; &#x645;</subfield>
    <subfield code="p">U-5839</subfield>
    <subfield code="r">2008-09-15 00:00:00</subfield>
    <subfield code="t">1</subfield>
    <subfield code="u">1633</subfield>
    <subfield code="v">120.00</subfield>
    <subfield code="w">2008-09-15</subfield>
    <subfield code="y">UR</subfield>
  </datafield>
</record>
